| 000 | 01768nam1a2200397 i 4500 | ||
|---|---|---|---|
| 001 | RU\NLR\bibl\857510 | ||
| 005 | 20260406173548.0 | ||
| 010 | _a5-02-027017-2 | ||
| 035 | _a(NLR Aleph) 000846220 | ||
| 090 |
_a1451435 _c1451435 |
||
| 100 | _a20051020g20049999k y0rusy50 ca | ||
| 101 | 0 | _arus | |
| 102 | _aRU | ||
| 105 | _ay ||||||||| | ||
| 200 | 1 |
_aСловарь обиходного русского языка Московской Руси XVI-XVII веков _fС.-Петерб. гос. ун-т, Межкаф. словарный каб. им. проф. Б.А. Ларина, Рос. акад. наук, Ин-т лингвист. исслед. _g[С.Н. Варина и др.] _gпод ред. О.С. Мжельской |
|
| 210 |
_aСанкт-Петербург _cНаука _d2004 |
||
| 215 | _d27 | ||
| 463 | 0 | _1001804051 | |
| 463 | 0 | _10011063247 | |
| 463 | 0 | _10011680746 | |
| 463 | 0 | _10011881162 | |
| 463 | 0 | _10012026050 | |
| 606 | 1 |
_aРусский язык _xИсторические словари _91543727 _3RU\NLR\AUTH\66974455 |
|
| 686 | 1 | _aШ141.12-400 | |
| 702 | 1 |
_aВарина _bС. Н. _4220 |
|
| 702 | 1 |
_aМжельская _bО. С. _gОльга Сергеевна _4340 |
|
| 712 | 0 | 2 |
_4570 _aСанкт-Петербургский государственный университет _bМежкафедральный словарный кабинет им. Б. А. Ларина _3RU\NLR\AUTH\889941408 _9377647 |
| 801 | 0 |
_aRU _bNLR _c20051020 _grcr |
|
| 801 | 1 |
_aRU _bNLR _c20051020 |
|
| 830 | _aсост. не раскр.- в ГАК РНБ нет, ред. по ЭК РНБ | ||
| 852 |
_aNLR _jС 2005-4/48 |
||
| 942 | _cBOOK | ||
| 980 | _aNBR | ||